000 00636nam a2200265Ia 4500
005 20260121170928.0
008 008 260114s9999 xx 000 0 eng d
020 _a9783319992174
037 _aEBOOK
040 _aCRL
040 _beng
040 _cCRL
041 _2eng
041 _aeng
084 _qCRL
100 _aGeorge H. Shaw
_91069905
245 0 _aGreat Moments in the History of Life
260 _bSpringer
260 _bSpringer
260 _c2018
856 _uhttps://link.springer.com/openurl?genre=book&isbn=978-3-319-99217-4
942 _cEBOOK
999 _c1635635
_d1635635